000 00362pab a2200133 454500
008 180718b2015 xxu||||| |||| 00| 0 eng d
100 _aPatra, Sudhakar
245 _aInflation in south Asia: trend and macro economic linkages
260 _c2015
300 _ap.65-72.
650 _aInflation
773 _aIndian Journal of Regional Science
909 _a108422
999 _c108417
_d108417